000 00422nam a2200157Ia 4500
005 20250519030409.0
008 240331s9999 xx 000 0 und d
020 _a9559662392
082 _a300.72
_bGUN
245 0 _aParyeshana gatalu ha achara darma
260 _aColombo
_bEditor's Publication
_c2000
300 _a73 p .,
500 _a Methods of Research & Ethics
700 _aGunasekara, U , Proof
_eedt
942 _cL
999 _c993
_d993